Język francuski - nagła śmierć - Statystyki

Ogólne statystyki
  • Ten quiz został rozwiązany 73 razy
  • Średni wynik to 11 z 20
Answers on the Grid
Answers color-coded by a green-red scale on the quiz's grid according to % correct below.
Bonjour
Bosque
Camino
Chanson
Chemin
Città
Clé
Égalité
Être
Fenêtre
Finestra
Forêt
Fraternité
Fromage
Fuoco
Guerre
Horloge
Liberté
Loi
Lumière
Mariposa
Notte
Ombre
Papillon
Peace
Rivière
Sourire
Strada
Town
Ville
 
Statystyki odpowiedzi
Odpowiedź % Poprawnych
Bonjour
100%
Lumière
74%
Égalité
68%
Liberté
68%
Être
65%
Rivière
65%
Fenêtre
58%
Clé
55%
Fraternité
55%
Sourire
52%
Forêt
48%
Fromage
48%
Papillon
48%
Chanson
45%
Chemin
42%
Ville
42%
Guerre
35%
Loi
32%
Ombre
32%
Horloge
19%
Nie znaleziono quizów pasujących do podanych kryteriów
Rozkład punktacji
Procent ludzi z każdym wynikiem
Percentyl według liczby udzielonych odpowiedzi
Twoja historia wyników
Nie rozwiązałeś tego quizu